| 000 | 00566nab a2200157Ia 4500 | ||
|---|---|---|---|
| 003 | ES-SlBCS | ||
| 005 | 20210601125514.0 | ||
| 008 | 140529s1999 xxu||||| |||| 00| 0 eng d | ||
| 041 | _aeng | ||
| 100 | 1 |
_aCapie, Forrest _9159497 |
|
| 245 | 0 | 0 |
_aOrganisational control and English commercial bank lendig industry in the decades before world warI _c Forrest Capie, Michael Collins |
| 650 | 0 | 4 |
_aIndustria-Inglaterra _9159498 |
| 700 | 1 |
_aCollins, Michael _9153604 |
|
| 773 | 0 |
_tRevista de Historia Economica _gvol. 17, nº. 1, 1999, págs. 182-210 _wRev701 |
|
| 942 | _cAR | ||
| 999 |
_c531400 _d531400 |
||